Guess The Footballer From Career Transfers #6 - Statistics

General Stats
  • This quiz has been taken 48 times
  • The average score is 5 of 20
Answer Stats
Career Transfers in Order Player % Correct
Benfica - Monaco - Man City Bernardo Silva
72%
Chemnitzer - Kaiserslautern - Bayer Leverkusen - Bayern Munich - Chelsea - Bayer Leverkusen Michael Ballack
67%
HFC Haarlem - Feyenoord - PSV - AC Milan - Sampdoria - Chelsea Ruud Gullit
44%
AS Excelsior - Nantes - St Etienne - Lille - Marseille - West Ham - Marseille - Vasco da Gama Dimitri Payet
38%
Zilina - Sampdoria - Inter - PSG Milan Skriniar
38%
Shrewsbury - Man City - Burnley - Tottenham - Celtic Joe Hart
33%
Monaco - Parma - Juventus - Barcelona Lillian Thuram
33%
Southampton - Eastleigh - Guernsey Matt le Tissier
28%
Piacenza - Parma - Atalanta - Juventus - AC Milan Filippo Inzaghi
26%
NYCFC - Man City - Leeds Jack Harrison
26%
Nantes - Marseille - Juventus - Chelsea - Valencia Didier Deschamps
23%
Rio Ave - Benfica - Real Madrid - Rio Ave Fabio Coentrao
23%
Man Utd - Crewe - Leicester - Birmingham - Blackburn - Derby - Stockport Robbie Savage
21%
Man Utd - Everton - Sunderland - Wigan - Salford Darron Gibson
15%
Ajax - Sporting - AC Milan - Ajax Frank Rijkaard
15%
Atletico Paranaense - Man Utd - Besiktas - Flamengo - Bahia - Indy Eleven - Fort Lauderdale Strikers Kleberson
10%
Middlesbrough - Wigan - Sunderland - VVV-Venlo Lee Cattermole
10%
Real Madrid - Getafe - Valencia - Villarreal Dani Parejo
8%
Wimbledon - Charlton - Middlesbrough - Southampton - Blackpool - Charlton Jason Euell
5%
Real Madrid - Celta Vigo - Real Madrid - Valencia Santiago Canizares
5%
No matching quizzes found
Score Distribution
Percent of People with Each Score
Percentile by Number Answered
Your Score History
You have not taken this quiz